Evolution and structure of the internet : a statistical physics approach
Viewed in this analysis from a statistical physics perspective, the Internet is perceived as a developing system that evolves through the addition and removal of nodes and links. This perspective permits the authors to outline the dynamical theory that can appropriately describe the Internet's...
Guardat en:
| Autor principal: | |
|---|---|
| Format: | Llibre |
| Idioma: | Undetermined |
| Publicat: |
Cambridge, UK
Cambridge University Press
2004
|
| Matèries: | |
| Etiquetes: |
Afegir etiqueta
Sense etiquetes, Sigues el primer a etiquetar aquest registre!
|
| Thư viện lưu trữ: | Trung tâm Học liệu Trường Đại học Cần Thơ |
|---|
| LEADER | 01169nam a2200217Ia 4500 | ||
|---|---|---|---|
| 001 | CTU_116896 | ||
| 008 | 210402s9999 xx 000 0 und d | ||
| 020 | |c 107 | ||
| 082 | |a 004.678 | ||
| 082 | |b P293 | ||
| 100 | |a Pastor-Satorras, Romualdo | ||
| 245 | 0 | |a Evolution and structure of the internet : | |
| 245 | 2 | |b a statistical physics approach | |
| 245 | 0 | |c Romualdo Pastor-Satorras, Alessandro Vespignani | |
| 260 | |a Cambridge, UK | ||
| 260 | |b Cambridge University Press | ||
| 260 | |c 2004 | ||
| 520 | |a Viewed in this analysis from a statistical physics perspective, the Internet is perceived as a developing system that evolves through the addition and removal of nodes and links. This perspective permits the authors to outline the dynamical theory that can appropriately describe the Internet's macroscopic evolution. The presence of such a theoretical framework will provide a revolutionary way of enhancing the reader's understanding of the Internet's varied network processes. | ||
| 650 | |a Internet,Vật lý thống kê,Statistical physics,Internet | ||
| 904 | |i Bích Vân, Năm | ||
| 980 | |a Trung tâm Học liệu Trường Đại học Cần Thơ | ||